000 01314njm a22002897a 4500
005 20100913100512.0
007 sd ammalaaahaa
008 100913t xxu||||| |||| 00| 0 hin d
028 _a45-AE. 4021
_bAngel Records
035 _aGR-02037
040 _aSED/VEN
100 _aManna Dey
_91184
245 _aPyaar :
_cManna Dey ; music by V. A. Balsara ; lyric by Prahlad Sharma
_h[sound recording] :
_bHindustani /
246 _aप्यार (मन्नाडे )
260 _aDum Dum India
_bAngel Records
_c1969
300 _a1 sound disc [Gramophone record] :
_banalog, 45 1/3 rpm
_c7 in.
_fGramophone Record
500 _aBrief Record
500 _aAngel Records
500 _aPurpal
505 _aMeri jaan na akad part 1(Pyaar) (Mannadey) मेरी जान न अकड पार्ट १ (प्यार ) (मन्नाडे )Tu kaisi been bajaye part 2 (Pyaar) (Arti Mukherjee) तू कैसी बीन बजाये पार्ट २ (प्यार ) (आरती मुखर्जी )
650 _aClassical Music
_xExcerpts
_zIndia
_919603
_vFilmi song
700 _919604
_aBalsara, V. A.
700 _919605
_aSharma, Prahlad
700 _919610
942 _2ddc
_cGR
999 _c45376
_d45376